Ahya ul Uloom / (Jild-1) (Record no. 532774)
[ view plain ]
| 000 -LEADER | |
|---|---|
| fixed length control field | 00235nam a22000977a 4500 |
| 008 - FIXED-LENGTH DATA ELEMENTS--GENERAL INFORMATION | |
| fixed length control field | 191007b ||||| |||| 00| 0 eng d |
| 040 ## - CATALOGING SOURCE | |
| Transcribing agency | DLC |
| 100 ## - MAIN ENTRY--PERSONAL NAME | |
| Personal name | Muhammad Ghazali |
| 9 (RLIN) | 26362 |
| 245 ## - TITLE STATEMENT | |
| Title | Ahya ul Uloom / (Jild-1) |
| 942 ## - ADDED ENTRY ELEMENTS (KOHA) | |
| Source of classification or shelving scheme | |
| Koha item type | Book |
| Withdrawn status | Lost status | Source of classification or shelving scheme | Damaged status | Not for loan | Permanent Location | Current Location | Date acquired | Total Checkouts | Barcode | Date last seen | Date last checked out | Price effective from | Koha item type |
|---|---|---|---|---|---|---|---|---|---|---|---|---|---|
| School of Civil and Environmental Engineering (SCEE) | School of Civil and Environmental Engineering (SCEE) | 12/02/2019 | 2 | NIT-12607 | 06/15/2022 | 02/09/2022 | 12/02/2019 | Book |
